000 00339nam a2200133Ia 4500
005 20260328101442.0
008 260328s9999||||xx |||||||||||||| ||und||
100 _aHascher, Rainer
245 0 _aAtlas de Edificios de oficinas /
_cRainer Hascher
260 _bGustavo Gili
300 _a264 p.
650 _aARQUITECTURA CIVIL
942 _cBK
999 _c8295
_d8295